000 00485nmm a2200169Ia 4500
008 251105s9999||||xx |||||||||||||||||und||
020 _a9789876992428
041 _aspa
100 _aRecalde, Mariano
245 0 _aEl modelo sindical argentino : régimen jurídico
264 _a[Buenos Aires, Argentina] :
_bEduvim,
_c2015
300 _a460 páginas
490 _aProyectos especiales
650 _aLaw
856 _uhttps://public.digitaliapublishing.com/a/41017
942 _cCF
999 _c97598
_d97598